Yatırım kriterlerinden doğrusal programlamaya : (Record no. 200444421)

MARC details
000 -LEADER
fixed length control field 01127cam a2200337 i 4500
001 - CONTROL NUMBER
control field 200444421
003 - CONTROL NUMBER IDENTIFIER
control field TR-AnTOB
005 - DATE AND TIME OF LATEST TRANSACTION
control field 20240912105831.0
007 - PHYSICAL DESCRIPTION FIXED FIELD--GENERAL INFORMATION
fixed length control field ta
008 - FIXED-LENGTH DATA ELEMENTS--GENERAL INFORMATION
fixed length control field 120703s1965 tu 000 0 tur
040 ## - CATALOGING SOURCE
Original cataloging agency TR-AnTOB
Language of cataloging eng
Description conventions rda
Transcribing agency TR-AnTOB
041 0# - LANGUAGE CODE
Language code of text/sound track or separate title Türkçe
044 ## - COUNTRY OF PUBLISHING/PRODUCING ENTITY CODE
ISO country code tu
050 ## - LIBRARY OF CONGRESS CALL NUMBER
Classification number HG4521
Item number .S28 1965
090 ## - LOCALLY ASSIGNED LC-TYPE CALL NUMBER (OCLC); LOCAL CALL NUMBER (RLIN)
Classification number (OCLC) (R) ; Classification number, CALL (RLIN) (NR) HG4521
Local cutter number (OCLC) ; Book number/undivided call number, CALL (RLIN) .S28 1965
100 1# - MAIN ENTRY--PERSONAL NAME
Personal name Savaş, Vural Fuat
Dates associated with a name 1936-.
Relator term author
9 (RLIN) 7044
245 10 - TITLE STATEMENT
Title Yatırım kriterlerinden doğrusal programlamaya :
Remainder of title (yatırım planlaması için metodolojik bir sentez) /
Statement of responsibility, etc. Vural Fuat Savaş.
264 #1 - PRODUCTION, PUBLICATION, DISTRIBUTION, MANUFACTURE, AND COPYRIGHT NOTICE
Place of production, publication, distribution, manufacture İstanbul :
Name of producer, publisher, distributor, manufacturer Eskişehir İktisadi ve Ticari İlimler Akademisi,
Date of production, publication, distribution, manufacture, or copyright notice 1965.
300 ## - PHYSICAL DESCRIPTION
Extent ix, 152 pages ;
Dimensions 24 cm
336 ## - CONTENT TYPE
Content type term text
Content type code txt
Source rdacontent
337 ## - MEDIA TYPE
Media type term unmediated
Media type code n
Source rdamedia
338 ## - CARRIER TYPE
Carrier type term volume
Carrier type code nc
Source rdacarrier
490 0# - SERIES STATEMENT
Series statement Eskişehir İktisadi ve Ticari İlimler Akademisi ;
Volume/sequential designation Yayın no. 27-4
504 ## - BIBLIOGRAPHY, ETC. NOTE
Bibliography, etc. note Includes bibliographical references.
650 #7 - SUBJECT ADDED ENTRY--TOPICAL TERM
Topical term or geographic name entry element Yatırımlar
Source of heading or term etuturkob
9 (RLIN) 14145
Topical term or geographic name entry element Finans
Source of heading or term etuturkob
9 (RLIN) 99858
Topical term or geographic name entry element Yatırım analizi
Source of heading or term etuturkob
9 (RLIN) 10750
942 ## - ADDED ENTRY ELEMENTS (KOHA)
Source of classification or shelving scheme Library of Congress Classification
Koha item type Book
Holdings
Withdrawn status Lost status Source of classification or shelving scheme Not for loan Collection code Home library Current library Shelving location Date acquired Source of acquisition Inventory number Total Checkouts Full call number Barcode Date last seen Copy number Date shelved Koha item type Public note
    Other/Generic Classification Scheme Ödünç Verilemez-Kurumiçi kullanım / Not for loan-For inhouse use TOBB Kütüphanesi Bağış Koleksiyonu - Klasik Merkez Kütüphane Merkez Kütüphane TOBB Bağışı Koleksiyonu / TOBB Gift Collection 01/07/2005 TOBB Devir / TOBB Transfer İKT   TOBBK HG4521 .S28 1965 T006141 19/10/2021 1 19/10/2021 Book Donated by TOBB
Devinim Yazılım Eğitim Danışmanlık tarafından Koha'nın orjinal sürümü uyarlanarak geliştirilip kurulmuştur.